| 000 | 00486nam a22001577a 4500 | ||
|---|---|---|---|
| 005 | 20241214144841.0 | ||
| 008 | 241214b |||||||| |||| 00| 0 eng d | ||
| 020 | _a0697031500 | ||
| 050 | _aQM31 MCM | ||
| 100 | _aMcmurtrie, Hogin | ||
| 245 |
_aThe Coloring Review Guide to Human Anatomy/ _cHogin Mcmurtrie & James Krall Rikel |
||
| 260 |
_aDubuque, IA _bWm. C. Brown Publishers _c1991 |
||
| 300 |
_aix.428p. _bill. some color _c28cm |
||
| 700 | _aRikel, James Krall | ||
| 942 |
_2lcc _cBK _n0 |
||
| 999 |
_c2225 _d2225 |
||